[Event "DVM U14 2021"]
[Site "Willingen GER"]
[Date "2022.08.16"]
[Round "7"]
[White "Ehrig, Leon Chris"]
[Black "Reus, Nicholas"]
[Result "1/2-1/2"]
[Termination "normal"]
[Board "7.1"]
[WhiteElo "1832"]
[BlackElo "1663"]
[WhiteClock "00:08:09"]
[BlackClock "00:03:49"]
[WhiteTeam "USG Chemnitz"]
[BlackTeam "Stuttgarter SF 1879"]
[PlyCount "69"]
[WhiteFideId "16244796"]
[BlackFideId "34612424"]
[EventCountry "GER"]
[EventRounds "7"]
[EventType "team-swiss"]
[EventDate "2022.08.12"]

1. e4 {[%clk 01:30:56]} {[%emt 00:00:46]} c6 {[%clk 01:30:39]} 2. d3 {[%clk
01:30:50]} d5 {[%clk 01:30:03]} 3. Nf3 {[%clk 01:30:47]} dxe4 {[%clk 01:29:15]}
4. Ng5 {[%clk 01:29:29]} Nf6 {[%clk 01:25:04]} {[%emt 00:05:40]} 5. Nc3 {[%clk
01:26:40]} Bg4 {[%clk 01:24:42]} 6. Qd2 {[%clk 01:26:08]} e6 {[%clk 01:23:50]}
7. Ngxe4 {[%clk 01:25:39]} Be7 {[%clk 01:11:23]} 8. Qg5 {[%clk 01:24:04]} Nxe4
{[%clk 01:10:21]} 9. Qxg4 {[%clk 01:23:04]} Nxc3 {[%clk 01:10:34]} 10. bxc3
{[%clk 01:22:49]} Bf6 {[%clk 01:09:17]} 11. Bd2 {[%clk 01:18:33]} O-O {[%clk
01:07:36]} 12. Be2 {[%clk 01:16:01]} Nd7 {[%clk 01:04:14]} 13. Rb1 {[%clk
01:13:32]} Nb6 {[%clk 01:02:16]} 14. O-O {[%clk 01:13:17]} Qd7 {[%clk
00:55:51]} 15. f4 {[%clk 01:08:40]} g6 {[%clk 00:46:22]} 16. Kh1 {[%clk
01:05:21]} Bg7 {[%clk 00:32:47]} 17. Rf3 {[%clk 00:57:36]} Nd5 {[%clk
00:27:01]} 18. Rb3 {[%clk 00:53:13]} Rfe8 {[%clk 00:26:01]} 19. c4 {[%clk
00:45:10]} f5 {[%clk 00:25:38]} 20. Qh4 {[%clk 00:40:23]} Nb6 {[%clk 00:23:50]}
21. Rh3 {[%clk 00:40:24]} Bh8 {[%clk 00:18:25]} 22. Rb1 {[%clk 00:34:07]} Qe7
{[%clk 00:18:14]} 23. Qh6 {[%clk 00:24:35]} e5 {[%clk 00:17:03]} 24. fxe5
{[%clk 00:24:36]} Bxe5 {[%clk 00:14:53]} 25. Bg5 {[%clk 00:22:30]} Qg7 {[%clk
00:14:15]} 26. Qh4 {[%clk 00:17:28]} Bxh2 {[%clk 00:10:19]} 27. Kxh2 {[%clk
00:17:35]} Rxe2 {[%clk 00:09:01]} 28. Kh1 {[%clk 00:16:56]} Rae8 {[%clk
00:08:51]} 29. c5 {[%clk 00:16:30]} Nd5 {[%clk 00:08:30]} 30. c4 {[%clk
00:08:01]} Ne3 {[%clk 00:08:30]} 31. Bxe3 {[%clk 00:08:24]} R2xe3 {[%clk
00:08:49]} 32. Rxe3 {[%clk 00:08:49]} Rxe3 {[%clk 00:09:07]} 33. Qd8+ {[%clk
00:09:05]} Qf8 {[%clk 00:05:38]} 34. Qxf8+ {[%clk 00:09:27]} Kxf8 {[%clk
00:03:49]} 35. Rxb7 {[%clk 00:08:09]} 1/2-1/2

[Event "DVM U14 2021"]
[Site "Willingen GER"]
[Date "2022.08.16"]
[Round "7"]
[White "Marcziter, Alex"]
[Black "Tran, Anh Duc Kevin"]
[Result "1-0"]
[Termination "normal"]
[Board "9.3"]
[WhiteElo "1466"]
[BlackElo "1398"]
[WhiteClock "00:47:32"]
[BlackClock "01:00:22"]
[WhiteTeam "Schachgemeinschaft Porz"]
[BlackTeam "USV Erfurt"]
[PlyCount "37"]
[WhiteFideId "16258126"]
[BlackFideId "34608125"]
[EventCountry "GER"]
[EventRounds "7"]
[EventType "team-swiss"]
[EventDate "2022.08.12"]

1. e4 {[%clk 01:30:34]} {[%emt 00:00:04]} e5 {[%clk 01:30:57]} 2. Nf3 {[%clk
01:30:59]} Nc6 {[%clk 01:30:57]} 3. Bc4 {[%clk 01:31:21]} Bc5 {[%clk 01:30:51]}
4. c3 {[%clk 01:31:41]} Nf6 {[%clk 01:30:09]} 5. d4 {[%clk 01:31:53]} exd4
{[%clk 01:29:11]} 6. b4 {[%clk 01:31:02]} Bb6 {[%clk 01:28:48]} 7. e5 {[%clk
01:30:50]} Ne4 {[%clk 01:25:05]} 8. Bd5 {[%clk 01:27:41]} Nxc3 {[%clk
01:24:28]} 9. Nxc3 {[%clk 01:25:10]} dxc3 {[%clk 01:21:32]} 10. O-O {[%clk
01:23:41]} O-O {[%clk 01:19:16]} 11. Bg5 {[%clk 01:22:46]} Qe8 {[%clk
01:16:58]} 12. Re1 {[%clk 01:22:35]} h6 {[%clk 01:13:43]} 13. Bh4 {[%clk
01:20:49]} Nxb4 {[%clk 01:09:30]} 14. Bb3 {[%clk 01:16:52]} Ba5 {[%clk
01:04:35]} 15. Re3 {[%clk 01:14:59]} Nc6 {[%clk 01:03:21]} 16. Qc2 {[%clk
01:12:24]} b5 {[%clk 01:02:01]} 17. Bf6 {[%clk 00:58:03]} Ne7 {[%clk 01:00:13]}
18. Ng5 {[%clk 00:47:54]} g6 {[%clk 01:00:22]} 19. Bxe7 {[%clk 00:47:32]} 1-0

[Event "DVM U14 2021"]
[Site "Willingen GER"]
[Date "2022.08.16"]
[Round "7"]
[White "Bade, Deniz"]
[Black "Trenz, Finn"]
[Result "1/2-1/2"]
[Termination "normal"]
[Board "10.1"]
[WhiteElo "1462"]
[BlackElo "1667"]
[WhiteClock "00:22:04"]
[BlackClock "00:19:58"]
[WhiteTeam "SchachAkademiePaderborn"]
[BlackTeam "SV Multatuli Ingelheim"]
[PlyCount "55"]
[WhiteFideId "34605959"]
[BlackFideId "16279379"]
[EventCountry "GER"]
[EventRounds "7"]
[EventType "team-swiss"]
[EventDate "2022.08.12"]

1. e4 {[%clk 01:30:48]} {[%emt 00:00:01]} d5 {[%clk 01:31:22]} 2. exd5 {[%clk
01:31:14]} Qxd5 {[%clk 01:31:47]} 3. Nc3 {[%clk 01:31:38]} Qd6 {[%clk
01:32:04]} 4. d4 {[%clk 01:32:02]} Nf6 {[%clk 01:32:21]} 5. Nf3 {[%clk
01:31:22]} a6 {[%clk 01:31:51]} 6. g3 {[%clk 01:30:09]} Bg4 {[%clk 01:30:55]}
7. h3 {[%clk 01:27:10]} Bh5 {[%clk 01:30:34]} 8. Bg2 {[%clk 01:26:23]} c6
{[%clk 01:26:25]} 9. Bf4 {[%clk 01:18:31]} Qd8 {[%clk 01:24:02]} 10. O-O {[%clk
01:18:37]} e6 {[%clk 01:21:50]} 11. Re1 {[%clk 01:17:44]} Bd6 {[%clk 01:11:20]}
12. Qd2 {[%clk 01:13:01]} Bxf4 {[%clk 01:11:43]} 13. Qxf4 {[%clk 01:11:35]} O-O
{[%clk 01:07:25]} 14. Ne5 {[%clk 01:08:05]} Nbd7 {[%clk 00:56:56]} 15. Qh4
{[%clk 01:05:39]} Bg6 {[%clk 00:55:59]} 16. Nxg6 {[%clk 01:06:02]} hxg6 {[%clk
00:46:10]} 17. a4 {[%clk 00:52:43]} Qb6 {[%clk 00:44:32]} 18. b3 {[%clk
00:50:10]} Rac8 {[%clk 00:32:07]} 19. Rad1 {[%clk 00:43:11]} Qb4 {[%clk
00:30:37]} 20. Ne4 {[%clk 00:38:54]} Nxe4 {[%clk 00:30:28]} 21. Qxe4 {[%clk
00:38:07]} Nf6 {[%clk 00:26:13]} 22. Qe5 {[%clk 00:31:30]} c5 {[%clk 00:23:21]}
23. dxc5 {[%clk 00:29:29]} Rxc5 {[%clk 00:23:44]} 24. Qd4 {[%clk 00:23:34]}
Qxd4 {[%clk 00:23:58]} 25. Rxd4 {[%clk 00:22:50]} b5 {[%clk 00:21:41]} 26. axb5
{[%clk 00:23:04]} axb5 {[%clk 00:20:51]} 27. c4 {[%clk 00:22:04]} bxc4 {[%clk
00:19:58]} 28. Rxc4 {[%emt 02:51:39]} 1/2-1/2

[Event "DVM U12 2021"]
[Site "Naumburg (Saale) GER"]
[Date "2022.03.25"]
[Round "1"]
[White "Cheng, Noah"]
[Black "Lorenz, Veronika"]
[Result "1-0"]
[Termination "normal"]
[Board "7.1"]
[WhiteElo "1229"]
[BlackElo "1388"]
[WhiteTeam "Schachverein Erftstadt e. V."]
[BlackTeam "TSG Oberschöneweide e.V."]
[WhiteFideId "16294637"]
[BlackFideId "16277406"]
[EventCountry "GER"]
[EventRounds "6"]
[EventType "team-swiss"]
[EventDate "2022.03.24"]

1. d4 Nf6 2. c4 g6 3. Nc3 Bg7 4. e4 d6 5. Nf3 O-O 6. Be2 e5 7. dxe5 dxe5 8.
Qxd8 Rxd8 9. Bg5 h6 10. Bxf6 Bxf6 11. Nd5 Nd7 12. Rd1 Bg7 13. Nxc7 Rb8 14. Nd5
Kf8 15. O-O Nc5 16. Nc3 Be6 17. b4 Nd7 18. c5 Rbc8 19. Nb5 a6 20. Nd6 Rc7 21.
Bc4 Ke7 22. Bxe6 Kxe6 23. Nc4 Ke7 24. Rd6 Rb8 25. Ne3 Ke8 26. Rfd1 a5 27. Nd5
Rc6 28. bxa5 Rxc5 29. Nb6 Nxb6 30. axb6 Rb5 31. h3 Ra8 32. a4 Rb4 33. a5 Rxe4
34. Rd7 Rxa5 35. Rxb7 Rb4 36. Rc1 Ra8 37. Rcc7 Rf4 38. Ra7 Rd8 39. b7 Rb4 40.
Re7+ Kf8 41. Rxf7+ Kg8 42. Rxg7+ Kh8 43. Nxe5 Rb8 44. Rc7 Rf8 45. Nxg6+  1-0

[Event "DVM U12 2021"]
[Site "Naumburg (Saale) GER"]
[Date "2022.03.25"]
[Round "1"]
[White "Smith, Tobias"]
[Black "Cordier, Jakob"]
[Result "1-0"]
[Termination "normal"]
[Board "7.2"]
[WhiteElo "1571"]
[BlackElo "1335"]
[WhiteTeam "TSG Oberschöneweide e.V."]
[BlackTeam "Schachverein Erftstadt e. V."]
[WhiteFideId "16254228"]
[BlackFideId "34617221"]
[EventCountry "GER"]
[EventRounds "6"]
[EventType "team-swiss"]
[EventDate "2022.03.24"]

1. d4 d5 2. c4 c6 3. cxd5 cxd5 4. Nc3 Nf6 5. Bf4 e6 6. e3 Bb4 7. Bd3 Nbd7 8.
Nf3 Nh5 9. Bg5 Nhf6 10. O-O h6 11. Bh4 O-O 12. Rc1 a6 13. Na4 Be7 14. Bg3 Ne8
15. a3 Bd6 16. b4 Bxg3 17. hxg3 b5 18. Nc5 Nef6 19. Qb3 Qb6 20. Rc3 Nxc5 21.
dxc5 Qc7 22. Ra1 Bb7 23. Rcc1 Rfc8 24. a4 Bc6 25. axb5 axb5 26. Nd4 Rab8 27.
Ra5 Qd7 28. Rca1 Rc7 29. Ra6 Rbc8 30. Rxc6 Rxc6 31. Bxb5 Qc7 32. Nxc6 Qb7 33.
Nd4 e5 34. Ba6 Qa8 35. Nf5 Kf8 36. Nd6 Rc6 37. Qa3 Rxd6 38. cxd6 Qc6 39. b5 Qd7
40. Bc8 Qd8 41. d7+ Kg8 42. Qd6 Kh7 43. b6 Ng4 44. Qc7 Qf6 45. Rf1 Qg5 46. d8=Q
Qh5 47. Bxg4 Qxg4 48. Qxf7 Qxg3 49. Qdg8#  1-0

[Event "DVM U12 2021"]
[Site "Naumburg (Saale) GER"]
[Date "2022.03.25"]
[Round "1"]
[White "Schmitz, Constantin"]
[Black "Stettner, Oskar"]
[Result "0-1"]
[Termination "normal"]
[Board "7.3"]
[WhiteElo "1290"]
[BlackElo "1446"]
[WhiteTeam "Schachverein Erftstadt e. V."]
[BlackTeam "TSG Oberschöneweide e.V."]
[WhiteFideId "16274660"]
[BlackFideId "34617035"]
[EventCountry "GER"]
[EventRounds "6"]
[EventType "team-swiss"]
[EventDate "2022.03.24"]

1. d4 Nf6 2. Nf3 e6 3. Bf4 d5 4. e3 c5 5. c3 Nc6 6. Bb5 Bd7 7. Nbd2 Be7 8. h3
O-O 9. O-O a6 10. Bxc6 Bxc6 11. Ne5 Qb6 12. Qc2 Nd7 13. Nxc6 Qxc6 14. Nf3 h6
15. Rfe1 cxd4 16. exd4 Bd6 17. Ne5 Nxe5 18. Bxe5 Bxe5 19. Rxe5 b5 20. Rae1 b4
21. R5e3 Rab8 22. Qd2 Qb6 23. Rg3 Kh8 24. Re5 bxc3 25. bxc3 Qb1+ 26. Kh2 Rb2
27. Qf4 Rb6 28. Qh4 Qc1 29. Reg5 Rb1 30. R3g4 f5 31. Rxg7 fxg4 32. Qe7 Qf4+ 33.
g3 Qxf2#  0-1

[Event "DVM U12 2021"]
[Site "Naumburg (Saale) GER"]
[Date "2022.03.25"]
[Round "1"]
[White "Meusel, Theodor"]
[Black "Sander, Manuel"]
[Result "1-0"]
[Termination "normal"]
[Board "7.4"]
[WhiteElo "1258"]
[BlackElo "926"]
[WhiteTeam "TSG Oberschöneweide e.V."]
[BlackTeam "Schachverein Erftstadt e. V."]
[WhiteFideId "34617116"]
[BlackFideId "34617060"]
[EventCountry "GER"]
[EventRounds "6"]
[EventType "team-swiss"]
[EventDate "2022.03.24"]

1. c4 e5 2. g3 Nc6 3. Bg2 Nf6 4. d3 Bc5 5. Nc3 d6 6. Nf3 Ng4 7. e3 O-O 8. h3
Nf6 9. O-O Bb4 10. Bd2 Re8 11. a3 Ba5 12. d4 e4 13. Ne1 Be6 14. d5 Qd7 15. dxe6
Qxe6 16. Qb3 Rab8 17. Nc2 Ne5 18. Nd4 Qd7 19. Rfd1 c5 20. Nde2 Nf3+ 21. Bxf3
exf3 22. Nf4 Nh5 23. Nxh5 g6 24. Nf4 g5 25. Nd3 Qxh3 26. Ne1 Qg4 27. Nd5 Bd8
28. Qa4 b5 29. Qxa7 Rc8 30. Ba5 Qf5 31. Bxd8 h5 32. Ne7+ Rxe7 33. Qxe7 Rxd8 34.
Qxd8+ Kg7 35. Nxf3 Qxf3 36. Qxg5+ Kf8 37. Rxd6  1-0

[Event "DVM U12 2021"]
[Site "Naumburg (Saale) GER"]
[Date "2022.03.25"]
[Round "1"]
[White "Burkart, Lloyd Shang"]
[Black "Rudolph, Konrad"]
[Result "1/2-1/2"]
[Termination "normal"]
[Board "8.1"]
[WhiteElo "1681"]
[BlackElo "1321"]
[WhiteTeam "TuS Makkabi Ffm"]
[BlackTeam "SC Leipzig-Lindenau"]
[WhiteFideId "16239059"]
[BlackFideId "34607668"]
[EventCountry "GER"]
[EventRounds "6"]
[EventType "team-swiss"]
[EventDate "2022.03.24"]

1. d4 d5 2. c4 e6 3. Nf3 Nf6 4. g3 c5 5. cxd5 Nxd5 6. Bg2 Nc6 7. O-O Nf6 8.
dxc5 Bxc5 9. Qxd8+ Nxd8 10. Nc3 a6 11. Rd1 h6 12. Bf4 Nc6 13. Rac1 Ba7 14. Ne5
Nxe5 15. Bxe5 Bxf2+ 16. Kxf2 Ng4+ 17. Kg1 Nxe5 18. Ne4 O-O 19. Nd6 Rb8 20. Rc7
Rd8 21. Rdc1 Rxd6 22. Rxc8+ Rxc8 23. Rxc8+ Kh7 24. Be4+ f5 25. Bxb7 Rb6 26. Rc7
Rxb2 27. Bxa6 Rxa2 28. Bb5 Kg6 29. h3 Rb2 30. Ba6 Kf6 31. Kf2 g6 32. Ke3 Rb3+
33. Kf2 g5 34. Kg2 f4 35. gxf4 gxf4 36. Bb7 Rb2 37. Bf3 Kg5 38. Rc5 Kf6 39. Rc7
Nxf3 40. Kxf3 e5 41. Rc3 Kg5 42. e3 Rb4 43. exf4+ exf4 44. Rc5+ Kh4 45. Rf5
Rb3+ 46. Kxf4 h5 47. Re5 Rxh3 48. Re2 Rh1 49. Rf2 Kh3 50. Rf3+ Kg2 51. Rg3+ Kh2
52. Rf3  1/2-1/2

[Event "DVM U12 2021"]
[Site "Naumburg (Saale) GER"]
[Date "2022.03.25"]
[Round "1"]
[White "Rudolph, Simon"]
[Black "Shkundin, Maximilian"]
[Result "1-0"]
[Termination "normal"]
[Board "8.2"]
[WhiteElo "1403"]
[BlackElo "1375"]
[WhiteTeam "SC Leipzig-Lindenau"]
[BlackTeam "TuS Makkabi Ffm"]
[WhiteFideId "34617078"]
[BlackFideId "16287258"]
[EventCountry "GER"]
[EventRounds "6"]
[EventType "team-swiss"]
[EventDate "2022.03.24"]

1. e4 c5 2. Nf3 d6 3. d4 cxd4 4. Nxd4 Nf6 5. Nc3 a6 6. f3 e5 7. Nb3 Be6 8. Be3
Be7 9. Qd2 Nbd7 10. O-O-O b5 11. a3 Nb6 12. Be2 Nc4 13. Qd3 Nxe3 14. Qxe3 O-O
15. g4 Nxg4 16. Qg1 Ne3 17. Rd3 Nc4 18. h3 Bg5+ 19. Kb1 f5 20. h4 Bh6 21. Rd1
Ne3 22. Re1 fxe4 23. fxe4 Qf6 24. Rh2 Bf4 25. Rh1 d5 26. Nc5 d4 27. Nd5 Nxd5
28. exd5 Bxd5 29. Nd7 Qf7 30. Nxf8 Bxh1 31. Nxh7 Bd5 32. Ng5 Qc7 33. Bg4 Qe7
34. Bf5 Qf6 35. Qg4 Re8 36. Bh7+ Kf8 37. Bf5 Ke7 38. Qxf4 Kd6 39. Ne4+ Bxe4 40.
Qxe4 Rf8 41. Bh3 Rh8 42. Bg2 Rxh4 43. Qd5+ Kc7 44. Rf1  1-0

[Event "DVM U12 2021"]
[Site "Naumburg (Saale) GER"]
[Date "2022.03.25"]
[Round "1"]
[White "Rohatgi, Kushagra"]
[Black "Göllnitz, Aaron"]
[Result "1/2-1/2"]
[Termination "normal"]
[Board "8.3"]
[WhiteElo "1339"]
[BlackElo "1150"]
[WhiteTeam "TuS Makkabi Ffm"]
[BlackTeam "SC Leipzig-Lindenau"]
[WhiteFideId "34603212"]
[BlackFideId "34617183"]
[EventCountry "GER"]
[EventRounds "6"]
[EventType "team-swiss"]
[EventDate "2022.03.24"]

1. e4 e5 2. Nf3 Nc6 3. Bc4 Nf6 4. d3 d5 5. exd5 Nxd5 6. Bxd5 Qxd5 7. Nc3 Bb4 8.
Bd2 Bxc3 9. Bxc3 Bg4 10. Qe2 f6 11. Qe3 O-O-O 12. b3 Rhe8 13. O-O-O e4 14. dxe4
Qxe4 15. Rxd8+ Nxd8 16. Qxa7 Nc6 17. Qa8+ Nb8 18. Qa5 Bxf3 19. gxf3 Qxf3 20.
Rd1 Qxf2 21. Qh5 Qe3+ 22. Bd2 Qe5 23. Qh3+ Nd7 24. Kb1 Qd6 25. Qh5 Re7 26. Qxh7
b6 27. Qh5 g6 28. Qf3 Kb8 29. Qg4 f5 30. Qf3 Qxh2 31. Rh1 Qe5 32. Bc3 Qe4 33.
Rh8+ Ka7 34. Qg3 f4 35. Qh2 g5 36. Rg8 Rh7 37. Qd2 f3 38. Bd4 c5 39. Bc3 Qf4
40. Qxf4 gxf4 41. Rg1 f2 42. Rf1 Rh2 43. Kb2 Nf8 44. Bd2 Ng6 45. Kc3 Ka6 46.
Kd3 b5 47. Ke4 b4 48. Bxf4 Nxf4 49. Kxf4 Kb5 50. Kf3 c4 51. Rxf2 Rxf2+ 52. Kxf2
Kc5 53. Ke3 Kd5 54. bxc4+ Kxc4 55. Kd2 Kd4 56. Kc1 Kc3 57. Kb1 Kc4 58. Kb2 Kd4
59. Kb3 Kc5 60. Ka4 Kc4 61. Ka5 Kc5 62. Ka4 Kc4  1/2-1/2

[Event "DVM U12 2021"]
[Site "Naumburg (Saale) GER"]
[Date "2022.03.25"]
[Round "1"]
[White "Richter, Peter"]
[Black "Zhao, Yunsheng"]
[Result "1-0"]
[Termination "normal"]
[Board "8.4"]
[WhiteElo "975"]
[BlackElo "1105"]
[WhiteTeam "SC Leipzig-Lindenau"]
[BlackTeam "TuS Makkabi Ffm"]
[WhiteFideId "34617094"]
[BlackFideId "16299280"]
[EventCountry "GER"]
[EventRounds "6"]
[EventType "team-swiss"]
[EventDate "2022.03.24"]

1. e4 e5 2. Nf3 Nc6 3. Nc3 Nf6 4. Bc4 Nxe4 5. Nxe4 d5 6. Bd3 dxe4 7. Bxe4 Qf6
8. d3 h6 9. Be3 Bd7 10. O-O Bd6 11. d4 O-O 12. Re1 Rfe8 13. dxe5 Nxe5 14. Bxb7
Rab8 15. Be4 Bg4 16. h3 Bxf3 17. Bxf3 Nxf3+ 18. gxf3 Qe5 19. f4 Qf6 20. Bxa7
Rxe1+ 21. Qxe1 Rxb2 22. Qd2 Rxc2 23. Qd1 Rc4 24. Rb1 Qxf4 25. Rb8+ Kh7 26. Qb1+
Rc2 27. Qxc2+  1-0

[Event "DVM U12 2021"]
[Site "Naumburg (Saale) GER"]
[Date "2022.03.25"]
[Round "1"]
[White "Moldovan, Tatiana"]
[Black "Haubold, Sebastian Marcel"]
[Result "0-1"]
[Termination "normal"]
[Board "9.1"]
[WhiteElo "1403"]
[BlackElo "1869"]
[WhiteTeam "SG Königskinder Hohentübingen e.V."]
[BlackTeam "SG Einheit Staßfurt"]
[WhiteFideId "16287398"]
[BlackFideId "16259637"]
[EventCountry "GER"]
[EventRounds "6"]
[EventType "team-swiss"]
[EventDate "2022.03.24"]

1. c4 Nf6 2. g3 g6 3. Bg2 Bg7 4. Nc3 O-O 5. e3 d6 6. Nge2 e5 7. O-O c6 8. d4
Qc7 9. b3 Bg4 10. Qc2 Re8 11. Ba3 e4 12. Nf4 g5 13. Nfe2 Qd7 14. Rfe1 d5 15.
Kh1 Bf3 16. Ng1 g4 17. Nce2 Nh5 18. Rac1 Na6 19. Qd2 Qf5 20. Bd6 Re6 21. Bf4
Bh6 22. cxd5 cxd5 23. Bc7 Rf6 24. Bxf3 exf3 25. Nf4 Nxf4 26. exf4 Re6 27. Re5
Rxe5 28. dxe5 Nxc7 29. Rxc7 Qxe5 30. Qc2 Qe6 31. Rxb7 Rc8 32. Rc7 Rxc7 33. Qxc7
Bf8 34. Qd8 h6 35. a4 Qe1 36. Qh4 f5 37. Qf6 Qf1 38. Qe6+ Kh8 39. Qe5+ Bg7 40.
Qxf5 Qg2#  0-1

[Event "DVM U12 2021"]
[Site "Naumburg (Saale) GER"]
[Date "2022.03.25"]
[Round "1"]
[White "Haubold, Christian Lucas"]
[Black "Moldovan, Stela"]
[Result "1-0"]
[Termination "normal"]
[Board "9.2"]
[WhiteElo "1808"]
[BlackElo "1209"]
[WhiteTeam "SG Einheit Staßfurt"]
[BlackTeam "SG Königskinder Hohentübingen e.V."]
[WhiteFideId "16259629"]
[BlackFideId "16287380"]
[EventCountry "GER"]
[EventRounds "6"]
[EventType "team-swiss"]
[EventDate "2022.03.24"]

1. e4 c5 2. Nf3 a6 3. c3 e6 4. d4 d5 5. exd5 exd5 6. Be2 Nf6 7. O-O Nc6 8. Re1
Be6 9. Ng5 h6 10. Nxe6 fxe6 11. Bh5+ Kd7 12. Bf7 cxd4 13. Bxe6+ Kc7 14. cxd4
Bd6 15. Nc3 Kb8 16. h3 Bc7 17. Bf5 Qd6 18. g3 Ka7 19. Bf4 Qd8 20. Bxc7 Qxc7 21.
Na4 Rae8 22. Qc2 Nd7 23. Bxd7 Qxd7 24. Qc5+ Kb8 25. Qb6 Qc8 26. Nc5 Ka8 27.
Red1 Re2 28. Rac1 Nb8 29. Nxa6 Nc6 30. Nc7+ Kb8 31. Rxc6 Qd7 32. Na6+ Ka8 33.
Rc7 Qxc7 34. Nxc7+ Kb8 35. Nb5 Rxb2 36. Rc1 Rxb5 37. Qxb5 Rc8 38. Rb1 Rc7 39.
Qxd5 g5 40. Re1 g4 41. Re8+ Rc8 42. Qe5+ Ka7 43. Rxc8 gxh3 44. Qa5#  1-0

[Event "DVM U12 2021"]
[Site "Naumburg (Saale) GER"]
[Date "2022.03.25"]
[Round "1"]
[White "Moldovan, Tudor"]
[Black "Goldschmidt, Jakob"]
[Result "1/2-1/2"]
[Termination "normal"]
[Board "9.3"]
[WhiteElo "1219"]
[BlackElo "1081"]
[WhiteTeam "SG Königskinder Hohentübingen e.V."]
[BlackTeam "SG Einheit Staßfurt"]
[WhiteFideId "16288203"]
[BlackFideId "34617175"]
[EventCountry "GER"]
[EventRounds "6"]
[EventType "team-swiss"]
[EventDate "2022.03.24"]

1. d4 d5 2. Nf3 c6 3. e3 e6 4. Bd3 f5 5. Nbd2 Bd6 6. b3 Nf6 7. Bb2 O-O 8. Ne5
Ne4 9. h4 Nd7 10. f4 Ndf6 11. Qf3 Nxd2 12. Kxd2 Ne4+ 13. Bxe4 fxe4 14. Qe2 Rf6
15. Rag1 Qa5+ 16. Bc3 Bb4 17. Bxb4 Qxb4+ 18. Kc1 Qa3+ 19. Kb1 a5 20. g4 a4 21.
g5 Rf5 22. g6 h6 23. Nf7 axb3 24. cxb3 b6 25. Qb2 Qb4 26. Rg2 Ba6 27. Rc1 Bd3+
28. Ka1 c5 29. dxc5 bxc5 30. Qc3 Qxc3+ 31. Rxc3 d4 32. exd4 cxd4 33. Rc7 e3 34.
Ne5 Bf1 35. Rg1 Rxf4 36. Rc1 e2 37. Nd3 Rf3 38. Ne1 Rxb3 39. Rg4 Rba3 40. Rc2
Bh3 41. Rxd4 Bf5 42. Rxe2 Rb8 43. Rb2 Rc8 44. Rd1 Bxg6 45. Rb3 Rxb3 46. axb3
Bh5 47. Rb1 Bg6 48. Rd1 Kf7 49. Kb2 Kf6 50. Rd7 Bf7 51. b4 e5 52. Nd3 Rb8 53.
Ka3 e4 54. Nc5 e3 55. Ne4+ Ke5 56. Rxf7 Kxe4 57. Re7+ Kd3 58. Kb3 e2 59. Rd7+
Ke3 60. Re7+ Kf2 61. Rf7+ Kg3 62. Rxg7+ Kxh4 63. Re7 Kg3 64. Rxe2 h5  1/2-1/2

[Event "DVM U12 2021"]
[Site "Naumburg (Saale) GER"]
[Date "2022.03.25"]
[Round "1"]
[White "Könnecke, Maximilian"]
[Black "Streich, Alexander"]
[Result "1-0"]
[Termination "normal"]
[Board "9.4"]
[WhiteElo "929"]
[BlackElo "1129"]
[WhiteTeam "SG Einheit Staßfurt"]
[BlackTeam "SG Königskinder Hohentübingen e.V."]
[WhiteFideId "34617159"]
[BlackFideId "34617027"]
[EventCountry "GER"]
[EventRounds "6"]
[EventType "team-swiss"]
[EventDate "2022.03.24"]

1. e4 e5 2. Nf3 Nc6 3. Bc4 Nf6 4. d3 d6 5. Bg5 Be7 6. Nc3 Bg4 7. Qe2 Nd4 8. Qd1
Nd7 9. Bxe7 Qxe7 10. h3 Bxf3 11. gxf3 a5 12. Nd5 Qd8 13. c3 c6 14. cxd4 cxd5
15. Bxd5 exd4 16. f4 a4 17. f5 Nf6 18. Bxb7 Rb8 19. Qxa4+ Nd7 20. Bd5 Rxb2 21.
Qc4 Qa5+ 22. Kf1 Ne5 23. Qc8+ Qd8 24. Qxd8+ Kxd8 25. Kg2 Nxd3 26. Bxf7 Rxf2+
27. Kg3 Re2 28. Kf3 Re3+ 29. Kg2 Rxe4 30. Rab1 Ke7 31. Rb7+ Kf6 32. Bd5 Nf4+
33. Kf3 Re5 34. Rf7+ Kg5 35. Rg1+ Kh4 36. Kxf4 Rxd5 37. Rfxg7 h5 38. Ke4 Rc5
39. R7g5 Re8+ 40. Kxd4 Ree5 41. R1g2 Rxf5 42. Rxf5 Rxf5 43. Ke4 Rg5 44. Rxg5
Kxg5 45. a4 Kh4 46. a5 Kxh3 47. a6 Kg2 48. a7 h4 49. a8=Q h3 50. Kf4+ Kg1 51.
Qf3 h2 52. Qg3+ Kh1 53. Kf3 d5 54. Qg2#  1-0

[Event "DVM U12 2021"]
[Site "Naumburg (Saale) GER"]
[Date "2022.03.26"]
[Round "2"]
[White "Ermitsch, Magnus"]
[Black "Lorenz, Veronika"]
[Result "1-0"]
[Termination "normal"]
[Board "1.1"]
[WhiteElo "2127"]
[BlackElo "1388"]
[WhiteClock "00:32:42"]
[BlackClock "00:02:03"]
[WhiteTeam "SC Borussia Lichtenberg"]
[BlackTeam "TSG Oberschöneweide e.V."]
[PlyCount "75"]
[WhiteFideId "16234464"]
[BlackFideId "16277406"]
[EventCountry "GER"]
[EventRounds "6"]
[EventType "team-swiss"]
[EventDate "2022.03.24"]

1. e4 {[%clk 1:30:58]} e5 {[%clk 1:30:52]} 2. Nf3 {[%clk 1:31:20]} Nc6 {[%clk
1:31:16]} 3. Bb5 {[%clk 1:31:28]} a6 {[%clk 1:31:36]} 4. Ba4 {[%clk 1:31:53]}
Nf6 {[%clk 1:32:00]} 5. O-O {[%clk 1:32:16]} Be7 {[%clk 1:32:03]} 6. d3 {[%clk
1:32:40]} b5 {[%clk 1:32:24]} 7. Bb3 {[%clk 1:33:04]} O-O {[%clk 1:32:40]} 8.
a4 {[%clk 1:33:17]} b4 {[%clk 1:32:06]} 9. a5 {[%clk 1:33:16]} d6 {[%clk
1:28:49]} 10. c3 {[%clk 1:33:03]} Rb8 {[%clk 1:21:00]} 11. Nbd2 {[%clk
1:33:17]} Be6 {[%clk 1:19:59]} 12. Nc4 {[%clk 1:33:36]} h6 {[%clk 1:16:08]} 13.
d4 {[%clk 1:26:40]} bxc3 {[%clk 1:10:28]} 14. d5 {[%clk 1:25:49]} cxb2 {[%clk
1:09:43]} 15. Bxb2 {[%clk 1:24:10]} Nxe4 {[%clk 1:04:30]} 16. dxe6 {[%clk
1:22:29]} fxe6 {[%clk 1:04:28]} 17. Ba3 {[%clk 1:03:56]} Bf6 {[%clk 0:48:08]}
18. Rc1 {[%clk 0:50:36]} Ng5 {[%clk 0:30:07]} 19. Ncd2 {[%clk 0:45:25]} Nxa5
{[%clk 0:26:24]} 20. Nxg5 {[%clk 0:42:48]} Bxg5 {[%clk 0:26:10]} 21. Bxe6+
{[%clk 0:42:53]} Kh8 {[%clk 0:26:12]} 22. Rc3 {[%clk 0:42:03]} Bxd2 {[%clk
0:19:47]} 23. Qxd2 {[%clk 0:42:19]} Rf6 {[%clk 0:18:59]} 24. Ba2 {[%clk
0:42:09]} c5 {[%clk 0:15:02]} 25. Qd3 {[%clk 0:40:59]} Qc8 {[%clk 0:10:43]} 26.
Bb1 {[%clk 0:39:36]} g6 {[%clk 0:10:34]} 27. Qe3 {[%clk 0:38:26]} Kg7 {[%clk
0:10:10]} 28. Be4 {[%clk 0:36:11]} Qd7 {[%clk 0:04:10]} 29. Bc1 {[%clk
0:35:05]} g5 {[%clk 0:04:19]} 30. h4 {[%clk 0:34:30]} gxh4 {[%clk 0:04:09]} 31.
Rd1 {[%clk 0:33:27]} Rc8 {[%clk 0:02:25]} 32. Qe2 {[%clk 0:32:44]} Nc6 {[%clk
0:02:05]} 33. Qh5 {[%clk 0:32:50]} Nd4 {[%clk 0:02:05]} 34. Rh3 {[%clk
0:32:03]} Qf7 {[%clk 0:02:01]} 35. Qg4+ {[%clk 0:32:14]} Kf8 {[%clk 0:02:13]}
36. Qxc8+ {[%clk 0:32:42]} Ke7 {[%clk 0:01:48]} 37. Qc7+ {[%clk 0:32:29]} Ke8
{[%clk 0:02:03]} 38. Bc6+ {[%clk 0:32:42]} 1-0